[Event "BCF-ch Soanes U1750 op"]
[Site "Hull"]
[Date "2024.07.26"]
[Round "1"]
[White "Welson, Aaron"]
[Black "Misra, Advay"]
[Result "1-0"]
[WhiteElo "1635"]
[BlackElo "1523"]
[PlyCount "65"]
[EventDate "2024.07.26"]
[EventType "swiss"]
[EventRounds "5"]
[EventCountry "ENG"]
[SourceTitle "CBM 221 Extra"]
[Source "ChessBase"]
[SourceDate "2024.09.30"]
[SourceVersion "1"]
[SourceVersionDate "2024.09.30"]
[SourceQuality "1"]

1. e4 e6 2. d4 d5 3. Nd2 Nf6 4. e5 Nfd7 5. f4 c5 6. c3 Nc6 7. Ndf3 cxd4 8. cxd4 Be7 9. a3 0-0 10. Bd3 f6 11. Ne2 fxe5 12. fxe5 Qb6 13. Qc2 h6 14. Bh7+ Kh8 15. Nf4 Qa5+ 16. Bd2 Nb4 17. Qb1 Rxf4 18. axb4 Qb5 19. Bd3 Re4+ 20. Kf2 Qb6 21. Bxe4 dxe4 22. Qxe4 Bxb4 23. Rab1 Be7 24. g4 Qc6 25. Qd3 Qd5 26. b4 b6 27. g5 Bb7 28. gxh6 Rf8 29. hxg7+ Kxg7 30. Rhg1+ Kh8 31. Rg3 Nxe5 32. Rh3+ Kg7 33. Qh7+ 1-0

[Event "ECF Schools-ch"]
[Site "Nottingham"]
[Date "2024.06.27"]
[Round "3.1"]
[White "Misra, Advay"]
[Black "Tombolis, Christopher"]
[Result "0-1"]
[WhiteElo "1533"]
[BlackElo "2088"]
[PlyCount "90"]
[EventDate "2024.06.27"]
[EventType "team-swiss"]
[EventRounds "5"]
[EventCountry "ENG"]
[SourceTitle "EXT 2025"]
[Source "ChessBase"]
[SourceDate "2024.10.14"]
[SourceVersion "1"]
[SourceVersionDate "2024.10.14"]
[SourceQuality "1"]
[WhiteTeam "Bristol Grammar School"]
[BlackTeam "St Paul School"]
[WhiteTeamCountry "ENG"]
[BlackTeamCountry "ENG"]

1. e4 c5 2. Nf3 Nc6 3. c3 g6 4. d4 cxd4 5. cxd4 Bg7 6. Nc3 d6 7. Bb5 Bd7 8. 0-0 Nf6 9. d5 Nb8 10. Bc4 0-0 11. Be3 Ng4 12. Bf4 f5 13. Bg3 f4 14. Bh4 Ne5 15. Nxe5 Bxe5 16. Qb3 Qc8 17. Bxe7 Rf7 18. Bh4 Bh3 19. Be2 g5 20. Nb5 f3 21. Bxf3 gxh4 22. Rfc1 Qf8 23. Nc7 Na6 24. Nxa8 Nc5 25. Qa3 Qxa8 26. gxh3 Qf8 27. Bg2 Rg7 28. Kf1 Bd4 29. Rc2 Rf7 30. f3 Nxe4 31. Qd3 Rf4 32. Ke2 Nc5 33. Qa3 Qf5 34. Rac1 Re4+ 35. Kd1 Re3 36. Qxa7 Rd3+ 37. Rd2 Rxd2+ 38. Kxd2 Qd3+ 39. Ke1 Qe3+ 40. Kd1 Qd3+ 41. Ke1 Qe3+ 42. Kd1 Qg1+ 43. Ke2 Qxg2+ 44. Kd1 Qxf3+ 45. Kd2 Ne4+ 0-1